Shhots for lower scoring : how to play the trickier shots

Bibliographic Details
Main Author: Lewis, Beverly
Format: Book
Published: London : Tiger Books International , 1992
Series:Play Better Golf
Subjects:

MARC

LEADER 00000cam a2200000 7i4500
001 0000005947
002 000006422
005 20000330.0
020 |a 1855012251 
090 0 0 |a 796.3523   |b LEW 
100 1 |a Lewis, Beverly 
245 1 0 |a Shhots for lower scoring :   |b how to play the trickier shots   |c Beverly Lewis 
260 |a London :   |b Tiger Books International ,   |c 1992 
300 |a 80 p. :   |b ill. ;   |c 22 cm. 
490 0 |a Play Better Golf 
650 0 0 |a Golf(Tactics of play) 
999 |a 030975   |b BUKU   |c PINJAMAN   |e PERPUSTAKAAN KOMUNITI PETALING JAYA 
999 |a 030976   |b BUKU   |c PINJAMAN   |e PERPUSTAKAAN KOMUNITI PETALING JAYA